[Event "II Liga SSCS 2015 - Istok"]
[Site "VRNJAČKA BANJA - Hotel "]
[Date "2015.10.11"]
[Round "11.64"]
[White "MICKOVIC, Slavisa"]
[Black "MITROVIC, Darko R"]
[Result "1-0"]
[WhiteElo "2092"]
[BlackElo "2241"]
[PlyCount "0"]
[EventDate "2015.08.28"]

1.d4 Nf6 2.c4 e6 3.Nf3 b6 4.Nc3 Bb4 5.Qc2 Bb7 6.Bg5 O-O 7.Nd2
d6 8.a3 Bxc3 9.bxc3 Nbd7 10.f3 Qe7 11.e4 e5 12.Bd3 h6 13.Bh4
c5 14.d5 Rfe8 15.O-O g5 16.Bf2 Nh5 17.g3 Nf8 18.Be2 Ng7 19.Rfb1
Qc7 20.a4 a5 21.Qb3 Ra6 22.Rb2 Rb8 23.Rab1 Bc8 24.Qb5 Ra7 25.Qc6
Qxc6 26.dxc6 Ra6 27.Nf1 Ng6 28.Ne3 Ne7 29.c7 Rb7 30.Nd5 Nxd5
31.cxd5 Raa7 32.Rxb6 Ne8 33.Rxb7 Rxb7 34.Rxb7 Bxb7 35.Be1 Nxc7
36.c4 Kf8 37.Bxa5 Na6 38.Kf2 Ke7 39.Bd2 Bc8 40.Ke3 Bd7 41.Bd1
Kd8 42.Kd3 Kc8 43.Kc3 Kb7 44.f4 exf4 45.gxf4 f6 46.fxg5 hxg5
47.Kb3 Nc7 48.Bc3 f5 49.exf5 Bxf5 50.Bh5 Na6 51.Bd2 g4 52.Be8
Nb8 53.Bf4 Kc7 54.a5 Nd7 55.Bxd7 Bxd7 56.a6 Bc8 57.a7 Bb7 58.Kc3
Ba8 59.Kd3 Bb7 60.Ke4 Kb6 61.Bxd6 Kxa7 62.Bxc5+ Kb8 63.Bf2 Kc8
64.Ke5 Ba6 65.c5 Kd7 66.Be1 Bb5 67.c6+ Kc8 68.Kd6 Bd3 69.Kc5
Be4 70.d6 Bf5 71.d7+ Bxd7 72.cxd7+ Kxd7 73.Kd5 Ke7 74.Ke5 Kf7
75.Kf5 Kg7 76.Kxg4 Kh6 77.Bc3 Kg6 78.h4 Kh6 79.h5 Kh7 80.Kg5
Kg8 81.Kg6 Kf8 82.h6 Kg8 83.h7+ Kf8 84.h8Q+ Ke7 85.Qf6+ 1-0

[Event "II Liga SSCS 2015 - Istok"]
[Site "VRNJAČKA BANJA - Hotel "]
[Date "2015.10.11"]
[Round "11.65"]
[White "LAZAREVIC, Slobodan"]
[Black "KOSTIC, Tomislav  **"]
[Result "1/2-1/2"]
[WhiteElo "2261"]
[BlackElo "1983"]
[PlyCount "0"]
[EventDate "2015.08.28"]

1.Nf3 Nf6 2.g3 e6 3.Bg2 d5 4.O-O Be7 5.d3 O-O 6.Nbd2 c5 7.c3
Nc6 8.a3 e5 9.Qc2 h6 10.b4 cxb4 11.axb4 b5 12.Nb3 Qc7 13.Qb2
Bb7 14.d4 e4 15.Bf4 Bd6 16.Bxd6 Qxd6 17.Nfd2 Nd7 18.f4 Nb6 19.e3
Nc4 20.Qc1 a5 21.bxa5 N6xa5 22.Nc5 Ba6 23.Rf2 Nb7 24.Ndb3 b4
25.Rfa2 bxc3 26.Qxc3 Rfc8 1/2-1/2